LEADER 01322cam0-2200337---450- 001 990004851970403321 005 20111130162018.0 012 $a- saa, i-i- teme roqu (3) 1767 (R)$2fei$5IT-NA0105: SG 700/B 18 (1) 012 $a:eed do,e R.o- eq(3 (3) 1771 (R)$2fei$5IT-NA0105: SG 700/B 18 (2) 035 $a000485197 035 $aFED01000485197 035 $a(Aleph)000485197FED01 035 $a000485197 100 $a19990604f17671780km-y0itay50------ba 101 0 $aita 105 $acf------000yc 200 1 $aVite de pił eccellenti pittori, scultori e architetti scritte da Giorgio Vasari [...]$eEdizione arricchita di note oltre quelle dell'edizione illustrata di Roma 210 $aLivorno$cper Marco Coltellini$aFirenze$cper Gio. Battista Secchi$ce Anton-Giuseppe Pagani$d[17..] 215 $av.$cill.$d21 cm 300 $aNel primo volume ritratto dell'Autore 676 $a709.45$v22$zita 676 $a927$v22$zita 700 1$aVasari,$bGiorgio$f<1511-1574>$037469 801 0$aIT$bUNINA$gRICA$2UNIMARC 901 $aAQ 912 $a990004851970403321 952 $aSG 700/B 18 (1)$bR. Bibl. 17739$fFLFBC 952 $aSG 700/B 18 (2)$bR. Bibl. 17739$fFLFBC 959 $aFLFBC 996 $aVite de pił eccellenti pittori, scultori e architetti scritte da Giorgio Vasari$9521630 997 $aUNINA LEADER 00706nam0-22002891i-450 001 990001782210403321 005 20190419101001.0 035 $a000178221 035 $aFED01000178221 035 $a(Aleph)000178221FED01 035 $a000178221 100 $a20030910d1991----km-y0itay50------ba 101 0 $aita 102 $aIT 200 1 $aAcquacoltura 210 $aRoma$cREDA$d1991 215 $a233 p.$d25 cm 225 1 $aCollana l'Italia agricola$v21 610 0 $aAcquacoltura 676 $a639.8 801 0$aIT$bUNINA$gRICA$2UNIMARC 901 $aBK 912 $a990001782210403321 952 $a60 639.8 REDA 1991$fFAGBC 959 $aFAGBC 996 $aAcquacoltura$9359001 997 $aUNINA